Gaming Quiz

Random Gaming Quiz

Gex: Enter the Gecko levels Quiz Stats

 Plays Quiz not verified by Sporcle

Challenge
Share
Tweet
Embed
Score 0/17 Timer 10:00
0 Plays Today
Channel Level % Correct
Second BossMooshoo Pork
89.1%
Scream TVSmellraiser
81.3%
First BossGilligex Isle
79.7%
Scream TVFrankensteinfeld
79.7%
Toon TVOut of Toon
76.6%
Circuit Centralwww.dotcom.com
75%
Scream TVPoltergex
71.9%
Rocket ChannelPain in the Asteroids
71.9%
RezopolisNo Weddings and a Funeral
71.9%
Channel Level % Correct
Rocket ChannelThe Umpire Strikes Out
70.3%
Pre-History CHannelThis Old Cave
70.3%
Toon TVFine Tooning
67.2%
Circuit CentralHoney I SHrunk the Gecko
67.2%
Third BossGexzilla versus Mecharez
67.2%
Kung-Fu TheaterMao Tse Tongue
64.1%
Pre-History ChannelPangaea 90210
64.1%
Kung-Fu TheaterSamurai Night Fever
62.5%

You're not logged in!

Compare scores with friends on all Sporcle quizzes.
Join for Free
OR
Log In

You Might Also Like...

Show Comments

Extras

Created Jul 25, 2010ReportNominate
Tags:channel, level

Top Quizzes Today


Score Distribution

Your Account Isn't Verified!

In order to create a playlist on Sporcle, you need to verify the email address you used during registration. Go to your Sporcle Settings to finish the process.

Report this User

Report this user for behavior that violates our Community Guidelines.

Details: